[Event "MCR mladeze v rapidu 2019"]
[Site "Trest"]
[Date "2019.09.07"]
[Round "1"]
[White "Pesta, Milan"]
[Black "Veverka, Vladimir"]
[Result "1-0"]
[BlackElo "1590"]
[WhiteElo "1398"]
[LiveChessVersion "1.4.8"]

1. e4 e6 2. Nf3 d5 3. exd5 exd5 4. d4 Nf6 5. Nc3 c6 6. Bd3 Bg4 7. h3 Bh5 8. Bg5
Bd6 9. Qe2+ Qe7 10. Bxf6 Qxe2+ 11. Bxe2 gxf6 12. O-O-O Nd7 13. Rde1 O-O-O 14. Nh4
Bg6 15. Bg4 Bf4+ 16. Kb1 Rhg8 17. g3 Bd2 18. Re7 Bxc3 19. bxc3 Rge8 20. Rhe1 Rxe7
21. Rxe7 h5 22. Nxg6 fxg6 23. Be6 Kc7 24. Bf7 Kd6 25. Re6+ Kc7 26. Bxg6 Rf8 27.
Bxh5 Rh8 28. Bg4 Rh6 29. Re7 f5 30. Bxf5 Rd6 31. Rxd7+ Rxd7 32. Bxd7 Kxd7 33. Kc1
Ke6 34. Kd2 Kf5 35. Ke3 Kg5 36. f4+ Kh5 37. Kf3 Kg6 38. g4 Kf6 39. h4 b5 40. g5+
Kg6 41. Kg4 a5 42. h5+ Kg7 43. h6+ Kg8 44. g6 b4 45. cxb4 axb4 46. Kg5 Kf8 47.
Kf6 Kg8 48. h7+ Kh8 49. Kf7 b3 50. g7+ 1-0

[Event "MCR mladeze v rapidu 2019"]
[Site "Trest"]
[Date "2019.09.07"]
[Round "1"]
[White "Barteckova, Nikol"]
[Black "Ticha, Valerie"]
[Result "1-0"]
[BlackElo "1485"]
[WhiteElo "1153"]
[LiveChessVersion "1.4.8"]

1. e4 {[%clk 0:20:08]} e5 {[%clk 0:20:09]} 2. Nf3 {[%clk 0:20:11]} Nc6
{[%clk 0:20:11]} 3. Nc3 {[%clk 0:20:12]} Nf6 {[%clk 0:20:07]} 4. d4
{[%clk 0:20:12]} exd4 {[%clk 0:19:25]} 5. Nxd4 {[%clk 0:19:49]} Bc5
{[%clk 0:19:28]} 6. Be3 {[%clk 0:19:34]} O-O {[%clk 0:19:17]} 7. Nxc6
{[%clk 0:19:34]} bxc6 {[%clk 0:18:47]} 8. Bxc5 {[%clk 0:19:35]} d6
{[%clk 0:18:49]} 9. Be3 {[%clk 0:19:02]} Re8 {[%clk 0:18:33]} 10. Bd3
{[%clk 0:18:57]} d5 {[%clk 0:18:21]} 11. Bg5 {[%clk 0:18:44]} h6 {[%clk 0:17:44]}
12. Bh4 {[%clk 0:18:01]} Bf5 {[%clk 0:17:14]} 13. O-O {[%clk 0:17:50]} dxe4
{[%clk 0:16:44]} 14. Bc4 {[%clk 0:16:22]} Qe7 {[%clk 0:16:00]} 15. Kh1
{[%clk 0:15:37]} Rad8 {[%clk 0:15:52]} 16. Qc1 {[%clk 0:14:53]} g5
{[%clk 0:14:30]} 17. Bg3 {[%clk 0:14:24]} h5 {[%clk 0:13:59]} 18. Qxg5+
{[%clk 0:13:07]} Bg6 {[%clk 0:13:59]} 19. Rfe1 {[%clk 0:12:39]} Kh7
{[%clk 0:13:01]} 20. f3 {[%clk 0:11:30]} Rg8 {[%clk 0:11:25]} 21. Bh4
{[%clk 0:09:18]} Rd6 {[%clk 0:11:05]} 22. Bd3 {[%clk 0:07:31]} Qe6
{[%clk 0:08:17]} 23. a4 {[%clk 0:05:00]} Bf5 {[%clk 0:08:14]} 24. Qf4
{[%clk 0:04:36]} Nd5 {[%clk 0:07:15]} 25. Nxd5 {[%clk 0:04:28]} Qxd5
{[%clk 0:07:17]} 26. fxe4 {[%clk 0:04:16]} Qd4 {[%clk 0:05:36]} 27. Qxf5+
{[%clk 0:03:25]} Rdg6 {[%clk 0:05:37]} 28. Qxf7+ {[%clk 0:03:05]} Kh6
{[%clk 0:05:31]} 29. e5 {[%clk 0:02:28]} Qxh4 {[%clk 0:05:19]} 30. Bxg6
{[%clk 0:02:26]} Rxg6 {[%clk 0:05:22]} 31. Re3 {[%clk 0:01:47]} Qg5
{[%clk 0:05:24]} 32. Rg3 {[%clk 0:01:45]} Rg7 {[%clk 0:03:47]} 33. Qxg7+
{[%clk 0:01:22]} Qxg7 {[%clk 0:03:45]} 34. Rxg7 {[%clk 0:01:22]} Kxg7 35. Re1 Kg6
{[%clk 0:03:38]} 36. e6 {[%clk 0:01:26]} Kf5 {[%clk 0:03:38]} 37. e7
{[%clk 0:01:30]} Kf4 {[%clk 0:03:39]} 38. e8=Q {[%clk 0:01:28]} h4
{[%clk 0:03:38]} 39. Qf8+ {[%clk 0:01:31]} Kg5 {[%clk 0:03:39]} 40. Re5+ Kg6
{[%clk 0:03:07]} 41. Qg8+ {[%clk 0:01:34]} Kf6 {[%clk 0:03:08]} 42. Qe6+
{[%clk 0:01:31]} Kg7 {[%clk 0:03:09]} 43. Rg5+ {[%clk 0:01:34]} Kh7
{[%clk 0:03:05]} 44. Qg6+ {[%clk 0:01:36]} Kh8 {[%clk 0:03:08]} 45. Qg7#
{[%clk 0:01:40]} 1-0

[Event "MCR mladeze v rapidu 2019"]
[Site "Trest"]
[Date "2019.09.07"]
[Round "1"]
[White "Buchtova, Viktorie"]
[Black "Reschelova, Anna"]
[Result "1-0"]
[BlackElo "1152"]
[WhiteElo "1325"]
[LiveChessVersion "1.4.8"]

1. e4 {[%clk 0:20:08]} e5 {[%clk 0:20:09]} 2. Nf3 {[%clk 0:20:11]} Nc6
{[%clk 0:20:11]} 3. d4 {[%clk 0:20:15]} exd4 {[%clk 0:20:08]} 4. c3
{[%clk 0:20:18]} Qe7 {[%clk 0:19:43]} 5. Bd3 {[%clk 0:19:57]} d5 {[%clk 0:19:26]}
6. Nxd4 {[%clk 0:18:43]} Nxd4 {[%clk 0:18:45]} 7. cxd4 {[%clk 0:18:42]} Qb4+
{[%clk 0:18:08]} 8. Nc3 {[%clk 0:18:27]} Qxd4 {[%clk 0:17:46]} 9. Bb5+
{[%clk 0:18:29]} c6 {[%clk 0:17:21]} 10. Qxd4 {[%clk 0:18:29]} cxb5
{[%clk 0:17:12]} 11. Nxd5 {[%clk 0:18:02]} Bd6 {[%clk 0:16:37]} 12. Qxg7
{[%clk 0:17:34]} Be6 {[%clk 0:15:14]} 13. Qxh8 {[%clk 0:16:33]} O-O-O
{[%clk 0:14:33]} 14. Qc3+ {[%clk 0:16:00]} Kb8 {[%clk 0:14:29]} 15. O-O
{[%clk 0:15:44]} f5 {[%clk 0:13:34]} 16. Bf4 {[%clk 0:14:31]} fxe4
{[%clk 0:13:14]} 17. Bxd6+ {[%clk 0:14:27]} Rxd6 {[%clk 0:13:12]} 18. Qc7+
{[%clk 0:14:24]} Ka8 {[%clk 0:13:08]} 19. Qxd6 {[%clk 0:14:26]} Bxd5
{[%clk 0:12:50]} 20. Qd8# 1-0

[Event "MCR mladeze v rapidu 2019"]
[Site "Trest"]
[Date "2019.09.07"]
[Round "1"]
[White "Vecerova, Hana"]
[Black "Horkova, Tereza"]
[Result "0-1"]
[BlackElo "1289"]
[WhiteElo "1141"]
[LiveChessVersion "1.4.8"]

1. e4 {[%clk 0:20:08]} e5 {[%clk 0:20:09]} 2. Nf3 {[%clk 0:20:11]} Nc6
{[%clk 0:20:14]} 3. Nc3 {[%clk 0:20:14]} Nf6 {[%clk 0:20:17]} 4. Bc4
{[%clk 0:20:17]} Bb4 {[%clk 0:20:10]} 5. d3 {[%clk 0:20:17]} d6 {[%clk 0:20:09]}
6. O-O {[%clk 0:20:11]} O-O {[%clk 0:20:11]} 7. a3 {[%clk 0:20:11]} Ba5
{[%clk 0:20:07]} 8. Bg5 {[%clk 0:20:00]} Bxc3 {[%clk 0:20:07]} 9. bxc3
{[%clk 0:20:02]} Bg4 {[%clk 0:20:07]} 10. h3 {[%clk 0:20:03]} Bh5
{[%clk 0:20:05]} 11. g4 {[%clk 0:19:52]} Bg6 {[%clk 0:20:07]} 12. Rb1
{[%clk 0:19:22]} Rb8 {[%clk 0:20:09]} 13. Re1 {[%clk 0:18:40]} Re8
{[%clk 0:20:05]} 14. d4 {[%clk 0:18:25]} exd4 {[%clk 0:19:41]} 15. Bxf6
{[%clk 0:18:23]} Qxf6 {[%clk 0:19:35]} 16. cxd4 {[%clk 0:18:26]} Bxe4
{[%clk 0:19:27]} 17. Nd2 {[%clk 0:17:57]} Bg6 {[%clk 0:18:24]} 18. Rxe8+
{[%clk 0:17:43]} Rxe8 {[%clk 0:18:27]} 19. Nf3 {[%clk 0:17:19]} Be4
{[%clk 0:18:01]} 20. Nd2 {[%clk 0:16:48]} Nxd4 {[%clk 0:16:58]} 21. Nxe4
{[%clk 0:16:40]} Rxe4 {[%clk 0:16:19]} 22. Rxb7 {[%clk 0:16:27]} h6
{[%clk 0:15:39]} 23. Rb8+ {[%clk 0:16:27]} Kh7 {[%clk 0:15:31]} 24. Bd3
{[%clk 0:16:21]} Nf3+ {[%clk 0:11:51]} 25. Kg2 {[%clk 0:16:12]} Nh4+
{[%clk 0:10:35]} 26. Kf1 {[%clk 0:16:12]} Qf4 {[%clk 0:07:01]} 27. Bxe4+
{[%clk 0:16:09]} Qxe4 {[%clk 0:07:03]} 28. f3 {[%clk 0:15:44]} Nxf3
{[%clk 0:06:21]} 29. Rb4 {[%clk 0:15:12]} Qc6 {[%clk 0:04:20]} 30. Qd3+
{[%clk 0:15:09]} g6 {[%clk 0:04:06]} 31. Rc4 {[%clk 0:15:06]} Nd2+
{[%clk 0:03:03]} 32. Qxd2 {[%clk 0:14:59]} Qxc4+ {[%clk 0:03:06]} 33. Ke1
{[%clk 0:15:01]} Qe4+ {[%clk 0:02:54]} 34. Qe2 {[%clk 0:14:57]} Qxe2+
{[%clk 0:02:50]} 35. Kxe2 {[%clk 0:15:01]} h5 {[%clk 0:02:53]} 36. g5
{[%clk 0:15:00]} Kg7 {[%clk 0:02:54]} 37. c4 {[%clk 0:14:58]} f6 {[%clk 0:02:58]}
38. h4 {[%clk 0:15:00]} fxg5 {[%clk 0:03:00]} 39. hxg5 {[%clk 0:15:04]} c6
{[%clk 0:02:53]} 40. a4 {[%clk 0:14:55]} Kf7 {[%clk 0:02:56]} 41. a5
{[%clk 0:14:58]} Ke6 {[%clk 0:02:55]} 42. Kd3 {[%clk 0:15:02]} Kf5
{[%clk 0:02:54]} 43. Kd4 {[%clk 0:15:06]} h4 {[%clk 0:02:51]} 44. c5
{[%clk 0:15:10]} dxc5+ {[%clk 0:02:54]} 45. Kxc5 {[%clk 0:15:14]} h3
{[%clk 0:02:58]} 46. Kxc6 {[%clk 0:15:17]} h2 {[%clk 0:03:02]} 47. Kb7
{[%clk 0:15:20]} h1=Q+ {[%clk 0:03:04]} 48. Kxa7 {[%clk 0:15:22]} Qc6
{[%clk 0:03:02]} 49. a6 {[%clk 0:15:25]} Ke6 {[%clk 0:03:04]} 50. Kb8
{[%clk 0:15:23]} Kd7 {[%clk 0:03:05]} 51. Ka7 {[%clk 0:15:24]} Qc7+
{[%clk 0:02:42]} 52. Ka8 {[%clk 0:15:24]} Kc8 {[%clk 0:02:39]} 53. a7
{[%clk 0:15:26]} Qb7# 0-1

[Event "MCR mladeze v rapidu 2019"]
[Site "Trest"]
[Date "2019.09.07"]
[Round "2"]
[White "Frank, Adam"]
[Black "Soucek, Petr"]
[Result "1-0"]
[BlackElo "1900"]
[WhiteElo "2371"]
[LiveChessVersion "1.4.8"]

1. e4 {[%clk 0:20:08]} e5 {[%clk 0:19:54]} 2. Nf3 {[%clk 0:20:12]} Nc6
{[%clk 0:19:58]} 3. Bb5 {[%clk 0:20:16]} a6 {[%clk 0:20:02]} 4. Ba4
{[%clk 0:20:21]} Nf6 {[%clk 0:20:06]} 5. O-O {[%clk 0:20:24]} b5 {[%clk 0:20:09]}
6. Bb3 {[%clk 0:20:29]} Bc5 {[%clk 0:20:13]} 7. c3 {[%clk 0:20:01]} d6
{[%clk 0:20:17]} 8. d4 {[%clk 0:19:53]} Bb6 {[%clk 0:20:21]} 9. h3
{[%clk 0:19:20]} h6 {[%clk 0:20:25]} 10. Re1 {[%clk 0:19:20]} Bb7
{[%clk 0:20:21]} 11. a4 {[%clk 0:18:46]} O-O {[%clk 0:20:24]} 12. Na3
{[%clk 0:17:57]} Qd7 {[%clk 0:19:30]} 13. Bc2 {[%clk 0:17:21]} Rfe8
{[%clk 0:19:01]} 14. d5 {[%clk 0:17:02]} Ne7 {[%clk 0:18:53]} 15. Be3
{[%clk 0:17:05]} Bxe3 {[%clk 0:18:51]} 16. Rxe3 {[%clk 0:16:58]} Ng6
{[%clk 0:18:50]} 17. Bd3 {[%clk 0:16:24]} c6 {[%clk 0:18:19]} 18. dxc6
{[%clk 0:15:53]} Bxc6 {[%clk 0:18:17]} 19. axb5 {[%clk 0:14:48]} axb5
{[%clk 0:17:59]} 20. Qe1 {[%clk 0:13:39]} Nf4 {[%clk 0:15:44]} 21. Bf1
{[%clk 0:13:10]} Ne6 {[%clk 0:15:30]} 22. Rd1 {[%clk 0:11:37]} Nc5
{[%clk 0:15:18]} 23. Nd2 {[%clk 0:11:38]} Ra4 {[%clk 0:15:08]} 24. f3
{[%clk 0:11:38]} Raa8 {[%clk 0:13:16]} 25. c4 {[%clk 0:11:05]} b4
{[%clk 0:13:17]} 26. Nb5 {[%clk 0:11:09]} Ne6 {[%clk 0:12:20]} 27. Nb3
{[%clk 0:10:57]} Bxb5 {[%clk 0:12:20]} 28. cxb5 {[%clk 0:11:00]} Ra2
{[%clk 0:11:53]} 29. Qxb4 {[%clk 0:10:19]} d5 {[%clk 0:11:09]} 30. Nc5
{[%clk 0:09:28]} Nxc5 {[%clk 0:11:06]} 31. Qxc5 {[%clk 0:09:32]} d4
{[%clk 0:11:10]} 32. Ra3 {[%clk 0:09:17]} Rxb2 {[%clk 0:10:19]} 33. Ra7
{[%clk 0:09:21]} Qc8 {[%clk 0:09:41]} 34. Rc7 {[%clk 0:09:20]} Qb8
{[%clk 0:09:39]} 35. Ra1 {[%clk 0:09:12]} Nh5 {[%clk 0:08:32]} 36. Raa7
{[%clk 0:08:46]} Rf8 {[%clk 0:08:14]} 37. Qc4 {[%clk 0:08:01]} Qb6
{[%clk 0:07:03]} 38. Rxf7 {[%clk 0:07:19]} d3+ {[%clk 0:06:48]} 39. Kh2
{[%clk 0:07:22]} Rxf7 {[%clk 0:04:31]} 40. Qxf7+ {[%clk 0:07:15]} Kh7
{[%clk 0:04:34]} 41. Qf5+ {[%clk 0:06:54]} Qg6 {[%clk 0:04:21]} 42. Qxg6+
{[%clk 0:06:58]} Kxg6 {[%clk 0:04:25]} 43. Bxd3 {[%clk 0:07:00]} Nf4
{[%clk 0:04:28]} 44. Bf1 {[%clk 0:06:54]} Rb1 {[%clk 0:04:09]} 45. Kg1
{[%clk 0:06:45]} Nh5 {[%clk 0:04:00]} 46. Kf2 {[%clk 0:05:17]} Rb2+
{[%clk 0:04:02]} 47. Ke3 {[%clk 0:05:17]} Rb3+ {[%clk 0:04:04]} 48. Kd2
{[%clk 0:04:33]} Rb2+ {[%clk 0:04:07]} 49. Kc3 {[%clk 0:04:28]} Rb1
{[%clk 0:04:09]} 50. Bc4 {[%clk 0:04:20]} Nf4 {[%clk 0:04:00]} 51. Ra2
{[%clk 0:03:59]} Rd1 {[%clk 0:03:41]} 52. Kb4 {[%clk 0:03:38]} Nd3+
{[%clk 0:03:23]} 53. Bxd3 {[%clk 0:03:41]} Rxd3 {[%clk 0:03:27]} 54. Kc5
{[%clk 0:03:45]} Rc3+ {[%clk 0:03:30]} 55. Kd6 {[%clk 0:03:45]} Rb3
{[%clk 0:03:31]} 56. Kc6 {[%clk 0:03:49]} Rc3+ {[%clk 0:03:34]} 57. Kb7
{[%clk 0:03:53]} Kf6 {[%clk 0:03:34]} 58. Ra6+ {[%clk 0:03:47]} Ke7
{[%clk 0:03:36]} 59. Rc6 {[%clk 0:03:51]} Rb3 {[%clk 0:03:39]} 60. b6
{[%clk 0:03:55]} Kd7 {[%clk 0:03:38]} 61. Rg6 {[%clk 0:03:59]} Rb2
{[%clk 0:03:40]} 62. Rxg7+ {[%clk 0:04:03]} Kd6 {[%clk 0:03:44]} 63. Rg6+
{[%clk 0:03:36]} Kc5 {[%clk 0:03:46]} 64. Kc7 {[%clk 0:03:40]} 1-0

[Event "MCR mladeze v rapidu 2019"]
[Site "Trest"]
[Date "2019.09.07"]
[Round "2"]
[White "Pribyl, Viktor"]
[Black "Jun, Rudolf"]
[Result "0-1"]
[BlackElo "2209"]
[WhiteElo "1859"]
[LiveChessVersion "1.4.8"]

1. d4 Nf6 2. Bf4 g6 3. e3 Bg7 4. Nf3 O-O 5. Be2 d6 6. h3 a6 7. a4 b6 8. O-O Bb7
9. Bh2 Nbd7 10. c4 Ne4 11. Qb3 e5 12. Rd1 Qe7 13. Re1 Kh8 14. Nc3 Nxc3 15. bxc3
a5 16. Rad1 Rad8 17. Nd2 Nf6 18. Bf3 Bxf3 19. Nxf3 Ne4 20. Nd2 Nxd2 21. Rxd2 e4
22. Qb5 h6 23. Qc6 f5 24. f4 exf3 25. Qxf3 Rfe8 26. Qc6 Qf7 27. Rf2 Qd7 28. Qb5
Re4 29. Rf4 Qe7 30. Rf3 Re8 31. Qc6 Bf6 32. Bg3 Bg5 33. Kf2 f4 34. Bxf4 Bxf4 0-1

[Event "MCR mladeze v rapidu 2019"]
[Site "Trest"]
[Date "2019.09.07"]
[Round "2"]
[White "Babula, Vlastimil"]
[Black "Petricek, Lukas"]
[Result "0-1"]
[BlackElo "2023"]
[WhiteElo "1857"]
[LiveChessVersion "1.4.8"]

1. e4 {[%clk 0:20:07]} c5 {[%clk 0:20:10]} 2. Nf3 {[%clk 0:20:07]} d6
{[%clk 0:20:13]} 3. d4 {[%clk 0:19:56]} cxd4 {[%clk 0:20:17]} 4. Nxd4
{[%clk 0:19:59]} Nf6 {[%clk 0:20:20]} 5. Nc3 {[%clk 0:20:02]} a6 {[%clk 0:20:23]}
6. Bc4 {[%clk 0:19:57]} e6 7. Bb3 {[%clk 0:19:45]} Be7 {[%clk 0:20:28]} 8. O-O
{[%clk 0:19:39]} b5 {[%clk 0:20:22]} 9. Qf3 {[%clk 0:17:59]} Qb6 {[%clk 0:19:00]}
10. Be3 {[%clk 0:17:38]} Qb7 {[%clk 0:19:04]} 11. Qg3 {[%clk 0:16:17]} Nc6
{[%clk 0:15:54]} 12. Kh1 {[%clk 0:14:21]} Bd7 {[%clk 0:15:33]} 13. a3
{[%clk 0:13:52]} Na5 {[%clk 0:14:06]} 14. Rad1 {[%clk 0:12:53]} Nc4
{[%clk 0:13:31]} 15. f4 {[%clk 0:11:35]} O-O-O {[%clk 0:08:54]} 16. e5
{[%clk 0:09:38]} Nh5 {[%clk 0:06:21]} 17. Qh3 {[%clk 0:09:32]} g6
{[%clk 0:05:11]} 18. a4 {[%clk 0:08:20]} Nxe3 {[%clk 0:04:45]} 19. Qxe3
{[%clk 0:08:22]} b4 {[%clk 0:04:29]} 20. Ne4 {[%clk 0:07:51]} d5 {[%clk 0:04:10]}
21. Nf2 {[%clk 0:07:19]} Ng7 {[%clk 0:04:01]} 22. c3 {[%clk 0:07:01]} Kb8
{[%clk 0:03:31]} 23. cxb4 {[%clk 0:06:41]} Qxb4 {[%clk 0:03:06]} 24. Nd3
{[%clk 0:06:21]} Qb7 {[%clk 0:02:23]} 25. Rc1 {[%clk 0:06:04]} Rc8
{[%clk 0:02:26]} 26. Rc3 {[%clk 0:05:31]} Rxc3 {[%clk 0:02:11]} 27. bxc3
{[%clk 0:05:34]} Nf5 {[%clk 0:01:27]} 28. Nxf5 {[%clk 0:05:32]} gxf5
{[%clk 0:01:29]} 29. Rb1 {[%clk 0:05:01]} Ka8 {[%clk 0:01:28]} 30. a5
{[%clk 0:02:10]} Qa7 {[%clk 0:01:08]} 31. Qf3 {[%clk 0:01:59]} Rc8
{[%clk 0:00:39]} 32. Nb4 {[%clk 0:01:44]} Bxb4 {[%clk 0:00:34]} 33. cxb4
{[%clk 0:01:48]} Bb5 {[%clk 0:00:32]} 34. h3 {[%clk 0:01:25]} Qd4
{[%clk 0:00:24]} 35. Qg3 {[%clk 0:00:19]} Qd3 {[%clk 0:00:15]} 36. Qxd3
{[%clk 0:00:17]} Bxd3 {[%clk 0:00:19]} 37. Rd1 {[%clk 0:00:21]} Bc4
{[%clk 0:00:23]} 38. Ba4 {[%clk 0:00:21]} Bb5 {[%clk 0:00:26]} 39. Bb3
{[%clk 0:00:19]} Rc3 {[%clk 0:00:30]} 40. Rb1 {[%clk 0:00:16]} Kb7
{[%clk 0:00:32]} 41. Kg1 {[%clk 0:00:18]} Bd3 {[%clk 0:00:31]} 42. Rb2
{[%clk 0:00:20]} Kc6 {[%clk 0:00:27]} 43. Kf2 {[%clk 0:00:21]} Kb5
{[%clk 0:00:28]} 44. Ba2 {[%clk 0:00:14]} Bc4 {[%clk 0:00:28]} 45. Bb1
{[%clk 0:00:15]} Rb3 {[%clk 0:00:31]} 46. Rxb3 {[%clk 0:00:15]} Bxb3
{[%clk 0:00:35]} 47. g4 {[%clk 0:00:19]} fxg4 {[%clk 0:00:26]} 48. hxg4
{[%clk 0:00:23]} Kxb4 {[%clk 0:00:20]} 49. Ke3 {[%clk 0:00:27]} h6
{[%clk 0:00:20]} 50. f5 {[%clk 0:00:31]} Bd1 {[%clk 0:00:22]} 51. fxe6 fxe6 52.
Kf4 {[%clk 0:00:29]} Kc3 {[%clk 0:00:24]} 53. Ba2 {[%clk 0:00:26]} Bc2
{[%clk 0:00:23]} 54. g5 {[%clk 0:00:26]} hxg5+ {[%clk 0:00:27]} 55. Kxg5
{[%clk 0:00:30]} Bb3 {[%clk 0:00:18]} 56. Bb1 {[%clk 0:00:26]} d4
{[%clk 0:00:22]} 0-1

[Event "MCR mladeze v rapidu 2019"]
[Site "Trest"]
[Date "2019.09.07"]
[Round "2"]
[White "Dudek, Vojtech"]
[Black "Stalmach, Richard"]
[Result "1-0"]
[BlackElo "1858"]
[WhiteElo "1983"]
[LiveChessVersion "1.4.8"]

1. d4 {[%clk 0:20:08]} Nf6 {[%clk 0:20:08]} 2. Bf4 {[%clk 0:20:11]} d6
{[%clk 0:20:12]} 3. Nc3 {[%clk 0:20:09]} g6 {[%clk 0:20:12]} 4. e4
{[%clk 0:20:12]} Bg7 {[%clk 0:20:09]} 5. Qd2 {[%clk 0:20:15]} O-O
{[%clk 0:20:07]} 6. O-O-O {[%clk 0:20:17]} a6 {[%clk 0:19:56]} 7. f3
{[%clk 0:20:09]} Nbd7 {[%clk 0:19:57]} 8. Bh6 {[%clk 0:20:09]} Bxh6
{[%clk 0:19:04]} 9. Qxh6 {[%clk 0:20:10]} e5 {[%clk 0:17:35]} 10. h4
{[%clk 0:18:59]} Qe7 {[%clk 0:16:22]} 11. Nh3 {[%clk 0:17:00]} exd4
{[%clk 0:15:29]} 12. Rxd4 {[%clk 0:17:00]} Ne5 {[%clk 0:14:58]} 13. Ng5
{[%clk 0:15:33]} Re8 {[%clk 0:12:11]} 14. Nd5 {[%clk 0:15:17]} Qd8
{[%clk 0:11:43]} 15. h5 {[%clk 0:12:53]} Be6 {[%clk 0:04:07]} 16. hxg6
{[%clk 0:10:07]} Bxd5 {[%clk 0:04:08]} 17. gxh7+ {[%clk 0:09:58]} Kh8
{[%clk 0:04:11]} 18. exd5 {[%clk 0:09:41]} Qe7 {[%clk 0:04:13]} 19. Ne4
{[%clk 0:07:44]} Ng6 {[%clk 0:02:59]} 20. Bd3 {[%clk 0:05:02]} Qe5
{[%clk 0:02:35]} 21. Nxf6 {[%clk 0:04:59]} Qxf6 {[%clk 0:01:30]} 22. Re4
{[%clk 0:04:29]} Rxe4 {[%clk 0:01:06]} 23. Bxe4 {[%clk 0:04:30]} Qf4+
{[%clk 0:01:09]} 24. Qxf4 {[%clk 0:04:32]} Nxf4 {[%clk 0:01:14]} 25. g4
{[%clk 0:04:17]} Re8 {[%clk 0:00:49]} 26. Kd2 {[%clk 0:04:09]} c6
{[%clk 0:00:31]} 27. dxc6 d5 28. Bd3 {[%clk 0:03:00]} bxc6 {[%clk 0:00:34]} 29.
Re1 {[%clk 0:02:54]} Rb8 {[%clk 0:00:11]} 30. Bf5 {[%clk 0:02:44]} Rf8
{[%clk 0:00:07]} 31. Re7 {[%clk 0:02:33]} Kg7 {[%clk 0:00:11]} 32. Rc7
{[%clk 0:02:32]} Re8 {[%clk 0:00:15]} 33. Bd3 {[%clk 0:02:15]} Re6
{[%clk 0:00:12]} 34. Rc8 {[%clk 0:02:17]} Rh6 {[%clk 0:00:15]} 35. h8=Q+
{[%clk 0:02:13]} Rxh8 {[%clk 0:00:18]} 36. Rxh8 {[%clk 0:02:16]} Kxh8
{[%clk 0:00:22]} 37. Bxa6 {[%clk 0:02:19]} d4 {[%clk 0:00:27]} 38. Bb7
{[%clk 0:02:18]} c5 {[%clk 0:00:31]} 39. a4 {[%clk 0:02:22]} Kg7 {[%clk 0:00:34]}
40. a5 {[%clk 0:02:25]} 1-0

[Event "MCR mladeze v rapidu 2019"]
[Site "Trest"]
[Date "2019.09.07"]
[Round "2"]
[White "Markova, Karolina"]
[Black "Trasakova, Adela"]
[Result "0-1"]
[BlackElo "1477"]
[WhiteElo "1085"]
[LiveChessVersion "1.4.8"]

1. e4 {[%clk 0:19:40]} c6 {[%clk 0:20:09]} 2. d4 {[%clk 0:19:44]} d5
{[%clk 0:20:12]} 3. Nc3 {[%clk 0:19:48]} dxe4 {[%clk 0:20:14]} 4. Nxe4
{[%clk 0:19:52]} Bf5 {[%clk 0:20:18]} 5. Ng3 {[%clk 0:19:55]} Bg6
{[%clk 0:20:20]} 6. h4 {[%clk 0:19:58]} h6 {[%clk 0:20:20]} 7. h5
{[%clk 0:20:03]} Bh7 {[%clk 0:20:19]} 8. Nf3 {[%clk 0:19:54]} Nd7
{[%clk 0:20:14]} 9. Bd3 {[%clk 0:19:52]} Bxd3 {[%clk 0:20:16]} 10. Qxd3
{[%clk 0:19:55]} e6 {[%clk 0:20:07]} 11. Be3 {[%clk 0:18:56]} Ngf6
{[%clk 0:19:41]} 12. O-O-O {[%clk 0:18:35]} Qc7 {[%clk 0:19:25]} 13. Kb1
{[%clk 0:18:12]} Bd6 {[%clk 0:19:09]} 14. Ne2 {[%clk 0:17:31]} O-O-O
{[%clk 0:18:31]} 15. c4 {[%clk 0:16:26]} c5 {[%clk 0:17:24]} 16. d5
{[%clk 0:12:05]} exd5 {[%clk 0:14:56]} 17. cxd5 {[%clk 0:11:58]} c4
{[%clk 0:13:56]} 18. Qc2 {[%clk 0:11:37]} a6 {[%clk 0:11:01]} 19. Rh4
{[%clk 0:09:19]} b5 {[%clk 0:09:57]} 20. a4 {[%clk 0:04:29]} Nc5 {[%clk 0:09:01]}
21. Bxc5 {[%clk 0:04:03]} Bxc5 {[%clk 0:08:15]} 22. axb5 {[%clk 0:03:50]} axb5
{[%clk 0:08:11]} 23. Nc3 {[%clk 0:03:22]} Qb6 {[%clk 0:06:48]} 24. Rd2
{[%clk 0:01:15]} Rhe8 {[%clk 0:06:30]} 25. Qf5+ {[%clk 0:00:07]} Kb7
{[%clk 0:06:26]} 26. Qc2 {[%clk 0:00:09]} Ra8 {[%clk 0:06:22]} 0-1

[Event "MCR mladeze v rapidu 2019"]
[Site "Trest"]
[Date "2019.09.07"]
[Round "2"]
[White "Voriskova, Anna"]
[Black "Nespora, Tatana"]
[Result "1-0"]
[BlackElo "1223"]
[WhiteElo "1596"]
[LiveChessVersion "1.4.8"]

1. e4 {[%clk 0:20:02]} c5 {[%clk 0:20:06]} 2. c3 {[%clk 0:19:58]} d5
{[%clk 0:20:08]} 3. exd5 {[%clk 0:19:59]} Qxd5 {[%clk 0:20:11]} 4. d4
{[%clk 0:19:51]} cxd4 {[%clk 0:20:12]} 5. cxd4 {[%clk 0:19:53]} e5
{[%clk 0:19:53]} 6. Be3 {[%clk 0:17:42]} Nc6 {[%clk 0:18:14]} 7. Nc3
{[%clk 0:16:48]} Bb4 {[%clk 0:17:37]} 8. dxe5 {[%clk 0:15:17]} Qxe5
{[%clk 0:16:39]} 9. Rc1 {[%clk 0:14:45]} Nf6 {[%clk 0:15:56]} 10. Nf3
{[%clk 0:14:44]} Qe7 {[%clk 0:15:51]} 11. Bd3 {[%clk 0:13:51]} Bg4
{[%clk 0:15:11]} 12. O-O {[%clk 0:13:16]} O-O {[%clk 0:15:11]} 13. Bg5
{[%clk 0:12:19]} Nd4 {[%clk 0:13:22]} 14. Nd5 {[%clk 0:10:58]} Qd6
{[%clk 0:13:25]} 15. Nxb4 {[%clk 0:09:59]} Qxb4 {[%clk 0:12:43]} 16. Bxf6
{[%clk 0:09:11]} gxf6 {[%clk 0:12:45]} 17. Rc4 {[%clk 0:08:23]} Qxb2
{[%clk 0:10:44]} 18. Rxd4 {[%clk 0:08:06]} Bxf3 {[%clk 0:09:54]} 19. gxf3
{[%clk 0:08:10]} Kh8 {[%clk 0:08:58]} 20. Rh4 {[%clk 0:07:31]} f5
{[%clk 0:07:01]} 21. Bxf5 {[%clk 0:06:42]} Qg7+ {[%clk 0:07:04]} 22. Kh1
{[%clk 0:06:36]} Rad8 {[%clk 0:07:05]} 23. Qa1 {[%clk 0:05:56]} Rg8
{[%clk 0:06:44]} 24. Rxh7# {[%clk 0:05:47]} 1-0